| 000 | 00529nam a22001817a 4500 | ||
|---|---|---|---|
| 005 | 20251108172531.0 | ||
| 008 | 250721s1998 xx 000 0 ara d | ||
| 082 | 1 | 4 | _a573.03/محم |
| 100 | 1 | _aمحمد، مدحت حسين خليل | |
| 245 | 1 | 0 | _aعلم حياة الإنسان / |
| 264 | 1 |
_aالعين : _bدار الكتاب الجامعي، _c1998. |
|
| 300 | _a661 ص. | ||
| 650 | 1 | 7 | _aعلم الأحياء |
| 650 | 1 | 7 | _aالفسيولوجيا |
| 650 | 1 | 7 | _aسم الإنسان |
| 942 |
_2ddc _cBK |
||
| 999 |
_c81829 _d81829 |
||